Statistics for Digits of Pi

Click here to take the quiz!

General Stats

  • This quiz has been taken 352,037 times
    (350,817 since last reset)
  • The average score is 9 of 50

Answer Stats

#Digit% Correct
13.
100%
21
98%
34
97%
41
89%
55
81%
69
69%
72
58%
86
48%
95
38%
103
30%
115
25%
128
20%
139
17%
147
15%
159
13%
163
11%
172
11%
183
10%
198
8%
204
8%
216
7%
222
6%
236
6%
244
5%
253
5%
283
4%
263
4%
278
4%
307
3%
319
3%
292
3%
325
2%
330
2%
342
2%
358
2%
368
2%
374
2%
459
1%
495
1%
487
1%
473
1%
469
1%
399
1%
443
1%
439
1%
426
1%
411
1%
407
1%
381
1%
501
1%

Score Distribution

Percentile by Number Answered

Percent of People with Each Score

Your Score History

You have not taken this quiz since the last reset